00450nmm a2200157Ia 4500008004100000020001800041041000800059100002300067245001500090264004600105300001800151650002100169700002300190700002800213856005100241251105s9999||||xx |||||||||||||||||und|| a9788415979388 aspa aCartarescu, Mircea 0aEl levante a[Madrid, España] :bImpedimenta, c2016 a240 páginas aOther narratives aCartarescu, Mircea1 a Ochoa de Eribe, Marian uhttps://public.digitaliapublishing.com/a/50498